Daňové povinnosti fyzických osôb, ktoré mali v roku 1995 príjmy zo zamestnania

Bibliographic Details
Main Author: Piršelová, Dagmar (Author)
Format: Article
Language:Slovak
PhysicalDescription:Sch. 1
ISSN:0862-9567
Subjects:

MARC

LEADER 00000nab a2200000 a 4500
001 vtls000577433
003 SK-MaSNL
005 20260303011011.0
008 140228c1996 xo 0 slo
015 |a SNBRB19rr/mm-uuuuu 
035 |a CL0577571 
040 |a SNKBUCL  |b slo  |c SNKBUCL  |e AACR2 
041 0 |a slo 
044 |a xo  |c SK 
080 |a 336.215.024.1  |2 1981 
100 1 |a Piršelová, Dagmar  |4 aut  |9 194806 
245 1 0 |a Daňové povinnosti fyzických osôb, ktoré mali v roku 1995 príjmy zo zamestnania  |c Dagmar Piršelová 
300 |b Sch. 1 
650 0 7 |a fyzické osoby  |2 snkbucl  |9 4302 
650 0 7 |a daň z príjmov  |2 snkbucl  |9 284621 
655 7 |a články z novín a časopisov  |2 snkbucl  |9 267496 
773 0 |t Hospodárske noviny  |g Roč. 4, č. 29 (9. 2. 1996), s. 11  |x 0862-9567 
850 |a Slovenská národná knižnica v Martine  |a MTA001 
852 |a SNK  |b KIS3GCP 
958 |a RK 
992 |a RBX 
999 |c 1589991  |d 1591921